Introducción al microprocesador 8086-8088 16 bit

Saved in:
Bibliografiske detaljer
Main Authors: Morgan, Christopher L. (autor), Waite, Mitchell (Author)
Format: Bog
Sprog:spansk
Udgivet: Ciudad de México Byte Books-McGraw-Hill 1984
Fag:
Tags: Tilføj Tag
Ingen Tags, Vær først til at tagge denne postø!

MARC

LEADER 00000nam a2200000 a 4500
001 UCV6481
003 CL-VaPUC
008 921111e19840000MX |||||||||||||||||spa|d
082 0 4 |a 621.391  |b MOR  |2 21 
100 |a Morgan, Christopher L.  |e autor  |9 300647 
700 0 |a Waite, Mitchell  |e author  |9 300648 
245 1 0 |a Introducción al microprocesador 8086-8088 16 bit 
300 |a 339 p 
942 |c BK 
945 |d 19921111 00:00:00 
260 |a Ciudad de México  |b Byte Books-McGraw-Hill  |c 1984 
650 7 |a MICROPROCESADORES  |2 CL-VaPUC  |9 259881 
650 7 |a INTEL 8086  |2 CL-VaPUC  |9 263495 
650 0 |a Microcomputadores  |9 263190 
650 0 |a Computadores  |9 258188 
583 |a last modification  |c 19921111 00:00:00  |k Rodrigo Vera 
999 |c 212529  |d 212527 
952 |0 0  |1 0  |4 0  |6 621_391000000000000_MOR_1984  |7 0  |8 A  |9 193579  |a BIBING  |b BIBING  |d 2019-11-14  |i 2615274  |o 621.391 MOR 1984  |p 2615274  |r 2025-01-20  |w 2019-11-14  |y BK  |k EIE